Movies Quiz

Random Movies or Box Office Quiz

Top 50 Grossing Studios Quiz Stats

 Plays Quiz not verified by Sporcle

Score 0/50 Timer 08:00
0 Plays Today
Top Grossing Movie with inflation Studio % Correct
Snow White and the Seven DwarfsDisney (Buena Vista)
96.5%
Shrek 2Dreamworks SKG
80%
TitanicParamount
76.5%
ET: The Extra-TerrestrialUniversal
76%
Gone With the WindMGM
76%
Star Wars Episode IV: A New Hope20th Century Fox
75%
The Wizard of OzWarner Brothers
74%
The Lord of the Rings: The Return of the KingNew Line
60.5%
Good Will HuntingMiramax
58%
Close Encounters of the Third KindSony
52%
The Bridge on the River KwaiColumbia
47.5%
Fahrenheit 9/11Lionsgate
37.5%
Rambo: First Blood Part IISony (TriStar)
34%
JunoFox Searchlight
33.5%
Inglourious BasterdsWeinstein Co.
31.5%
Around the World in 80 DaysUnited Artists
30%
Scary MovieMiramax (Dimension)
28%
Scary Movie 4Weinstein (Dimension)
28%
Brokeback MountainFocus Features
24%
The Twilight Saga: New MoonSummit Entertainment
21.5%
Dances With WolvesOrion Pictures
20%
The Dream is AliveIMAX Films
18.5%
Crouching Tiger, Hidden DragonSony Pictures Classics
14%
There Will Be BloodParamount Vantage
14%
The Blair Witch ProjectArtisan
12%
Top Grossing Movie with inflation Studio % Correct
The Exorcism of Emily RoseSony (Screen Gems)
9.5%
My Big Fat Greek WeddingIFC Films
8.5%
March of the PenguinsWarner Independent
8.5%
What Dreams May ComePolygram
7%
The Passion of the ChristNewmarket Films
5.5%
ShineFine Line
5%
Four Weddings and a FuneralGramercy
4%
Danny the DogFocus (Rogue) Pictures
4%
The Madness of King GeorgeGoldwyn Entertainment
4%
Pan's LabyrinthPicturehouse
3.5%
Rear WindowUSA Films
3%
Bon Cop, Bad CopAlliance Atlantis
3%
Eve's BayouTrimark
2%
The Secret of Roan InishFirst Look
2%
Woman Thou Art LoosedMagnolia Pictures
1.5%
The IllusionistYari Film Group Releasing
1.5%
Law Abiding CitizenOverture Films
1%
Eye of the BeholderDestination Films
1%
EverestMacGillivray Freeman Films
0.5%
ShadowlandsSavoy
0.5%
The Care Bears MovieSamuel Goldwyn Films
0.5%
The ApostleOctober Films
0%
An American HauntingFreestyle Releasing
0%
SpellboundThinkFilm
0%
Michael Jordan to the MAXGiant Screen Films
0%

You're not logged in!

Compare scores with friends on all Sporcle quizzes.
OR
Log In

Sporcle TV

Today on Sporcle TV


Watch our educational content, quiz creation guides, and fun videos on Sporcle TV.

Show Comments

Extras

Top Quizzes Today


Score Distribution

Your Account Isn't Verified!

In order to create a playlist on Sporcle, you need to verify the email address you used during registration. Go to your Sporcle Settings to finish the process.

Report this User

Report this user for behavior that violates our Community Guidelines.

Details: